| 000 | 00952nam a2200289 i 4500 | ||
|---|---|---|---|
| 001 | 000037638 | ||
| 003 | DO-SdBNP | ||
| 005 | 20250217125055.0 | ||
| 007 | ta | ||
| 008 | 121023s2003 dr a 001 0 spa d | ||
| 040 |
_aDO-SdBNP _bspa _cBNPHU _erda |
||
| 082 | 4 |
_a972.9301 _bG216t _222 |
|
| 100 | 1 |
_959457 _a García Arévalo, Manuel Antonio, _eautor _4aut. _d1948- |
|
| 245 | 1 | 4 |
_aLos taínos en los apuntes de Cristóbal Colón _cManuel Antonio García Arévalo |
| 264 | 4 |
_aSanto Domingo : _bFundación García Arévalo, _c2003. |
|
| 300 |
_a19 paginas : _bilustraciones ; _c29 cm. |
||
| 336 |
_atexto _btxt _2rdaconten. |
||
| 337 |
_asin mediación _bn _2rdamedia |
||
| 338 |
_avolumen _bnc _2rdacarrier |
||
| 590 | _aInventariado, 2023 / DG | ||
| 650 | 4 |
_aArte taíno _982167 |
|
| 650 | 4 |
_aArqueología taína _982168 |
|
| 650 | 4 |
_aMitología taína _977708 |
|
| 650 | 4 |
_aTaínos _zRepública Dominicana _982169 |
|
| 910 | _aDG | ||
| 942 |
_2ddc _cLF2 |
||
| 999 |
_c53310 _d53310 |
||